Nerwy czaszkowe - Statystyki

Ogólne statystyki
  • Ten quiz został rozwiązany 651 razy
  • Średni wynik to 11 z 12
Statystyki odpowiedzi
Nazwa nerwu % Poprawnych
II Nerw wzrokowy
97%
I Nerw węchowy
96%
V Nerw trójdzielny
92%
VII Nerw twarzowy
92%
X Nerw błędny
91%
IV Nerw bloczkowy
91%
XI Nerw dodatkowy
90%
III Nerw okoruchowy
89%
XII Nerw podjęzykowy
87%
IX Nerw językowo-gardłowy
85%
VI Nerw odwodzący
84%
VIII Nerw przedsionkowo-ślimakowy
81%
Nie znaleziono quizów pasujących do podanych kryteriów
Rozkład punktacji
Procent ludzi z każdym wynikiem
Percentyl według liczby udzielonych odpowiedzi
Twoja historia wyników
Nie rozwiązałeś tego quizu